Movies Quiz

Random Movies or Disney Quiz

Name the disney song Quiz Stats

Quiz not verified by Sporcle

Challenge
Share
Tweet
Embed
Score 0/18 Timer 06:00
0 Plays Today
song movie % Correct
kiss the girlthe little mermaid
93.9%
can you feel the love tonightthe lion king
91.2%
you'll be in my hearttarzan
85.3%
i wanna be like youthe jungle book
80.5%
honor to us allmulan
78.1%
once upon a dreamsleeping beauty
74%
one jump aheadaladdin
62.8%
so this is lovecinderella
53.9%
something therebeauty and the beast
52.8%
song movie % Correct
in good companyoliver and company
49.9%
happy working songenchanted
49.6%
mine, mine, minepocahontas
38.6%
out therethe hunchback of notre dame
35.1%
all in the golden afternoonalice in wonderland
34.6%
dig a little deeperthe princess and the frog
31.8%
one last hopehercules
28.7%
a guy like youthe hunchback of notre dame
23.9%
gonna take you therethe princess and the frog
13.8%

You're not logged in!

Compare scores with friends on all Sporcle quizzes.
Join for Free
OR
Log In

You Might Also Like...

Show Comments

Extras

Top Quizzes Today


Score Distribution

Your Account Isn't Verified!

In order to create a playlist on Sporcle, you need to verify the email address you used during registration. Go to your Sporcle Settings to finish the process.

Report this User

Report this user for behavior that violates our Community Guidelines.

Details: